000 00287nam a22001337a 4500
008 170601b xxu||||| |||| 00| 0 eng d
020 _a9780195097436
041 _aeng
080 _a94(4)
100 _a17
101 _aSHH
245 _aANCIENT GREECE
_cPOMEROY,S.B
942 _2udc
_cBK
999 _c15249
_d15249